000 01004nas a2200289 4500
001 BR9100416
003 BR-BrBNA
005 20231205091904.0
007 ta
008 230509b bl.|||p| |||| 00| 00por d
040 _aBR-BrBNA
_bpor
_cBiblioteca Nacional de Agricultura
041 _a(Pt)
072 _aF61; F04
100 1 _aSilveira, J.A.G. da
100 1 _aCrocomo, O.J.
245 1 _aEfeitos de nitrogenio e potassio na utilizacao de nitrato e distribuicao de carboidratos em cana-de-acucar
246 1 _aNitrate utilization and carbohydrate distribution as affected by nitrogen and potassium nutrition in sugar cane plants
650 _aCANA DE ACUCAR
650 _aNUTRICAO VEGETAL
650 _aNITROGENIO
650 _aPOTASSIO
650 _aFIXACAO DE NITROGENIO
650 _aSAO PAULO
773 0 _tPesquisa Agropecuaria Brasileira (Brazil)
_xISSN 0100-204X
_g(Feb 1991), v. 26(2) p. 247-257
_wBR9100416
909 _a202311
_bLúcia
_c55
_dLúcia Elande
942 _2AGRIS
_n0
_cANA
999 _c127971
_d127971